C.H.Z Philippe Parreno. (Record no. 5689)

MARC details
000 -LEADER
fixed length control field 00828nam a22002417a 4500
003 - CONTROL NUMBER IDENTIFIER
control field OSt
005 - DATE AND TIME OF LATEST TRANSACTION
control field 20260317152209.0
007 - PHYSICAL DESCRIPTION FIXED FIELD--GENERAL INFORMATION
fixed length control field a
008 - FIXED-LENGTH DATA ELEMENTS--GENERAL INFORMATION
fixed length control field 260317b |||||||| |||| 00| 0 eng d
020 ## - INTERNATIONAL STANDARD BOOK NUMBER
International Standard Book Number 9788862082532
040 ## - CATALOGING SOURCE
Original cataloging agency Foundation University
Language of cataloging eng
Transcribing agency Foundation University
Modifying agency FULib
Description conventions rda
050 ## - LIBRARY OF CONGRESS CALL NUMBER
Classification number QB 68
Item number .2011 P37
245 00 - TITLE STATEMENT
Title C.H.Z Philippe Parreno.
260 ## - PUBLICATION, DISTRIBUTION, ETC.
Place of publication, distribution, etc. Italy :
Name of publisher, distributor, etc. Grafiche Damiani, Bologna,
-- Fondation Beyeler,
Date of publication, distribution, etc. 2011.
264 ## - PRODUCTION, PUBLICATION, DISTRIBUTION, MANUFACTURE, AND COPYRIGHT NOTICE
Copyright Date 2011.
300 ## - PHYSICAL DESCRIPTION
Materials specified resource
Extent 1 volume (unpaged) :
Other physical details color illustrations ;
Dimensions 30 cm.
Type of unit volume
336 ## - CONTENT TYPE
Source rdacontent
Content type term text
Content type code txt
337 ## - MEDIA TYPE
Source rdamedia
Media type term unmediated
Media type code n
338 ## - CARRIER TYPE
Source rdacarrier
Materials specified resource
Carrier type term volume
Carrier type code nc
650 ## - SUBJECT ADDED ENTRY--TOPICAL TERM
Source of heading or term LC
Topical term or geographic name entry element Exobiology
Form subdivision Photographs.
9 (RLIN) 15350
700 ## - ADDED ENTRY--PERSONAL NAME
Personal name Marta, Karen
Relator term editor
9 (RLIN) 15351
942 ## - ADDED ENTRY ELEMENTS (KOHA)
Source of classification or shelving scheme Library of Congress Classification
Koha item type Books
Classification part QB 68
Item part .2011 P37
Call number prefix (DAFA-FA)
Suppress in OPAC No
Holdings
Withdrawn status Lost status Source of classification or shelving scheme Damaged status Not for loan Collection code Home library Current library Shelving location Date acquired Source of acquisition Total Checkouts Full call number Barcode Date last seen Price effective from Koha item type Accession Number
    Library of Congress Classification     Non-fiction Foundation University Library Foundation University Library DoArchitecture & Fine Arts 03/17/2026 Donated by Bellas Artes Projects   (DAFA-FA) QB 68 .2011 P37 0192026003252 03/17/2026 03/17/2026 Books DAFA-2026252